Sports Quiz

Random Sports or Numbers Quiz

Athletes By Number Quiz Stats

 Plays Quiz not verified by Sporcle

Challenge
Share
Tweet
Embed
Score 0/43 Timer 10:00
0 Plays Today
number athlete % Correct
99Wayne Gretzky
82.9%
23Michael Jordan
82.9%
4Brett Favre
81.9%
2Derek Jeter
79%
0Gilbert Arenas
73.8%
12Tom Brady
70%
18Peyton Manning
70%
7John Elway
69%
87Sidney Crosby
67.6%
5Albert Pujols
65.2%
3Dwyane Wade
64.3%
13Dan Marino
62.9%
80Jerry Rice
61.9%
15Tim Tebow
59.5%
16Joe Montana
59.5%
81Randy Moss
59%
32Shaquille Oneal
57.1%
8Cal Ripken
55.7%
21Tim Duncan
55.2%
66Mario Lemieux
55.2%
42Jackie Robinson
54.8%
28Adrian Peterson
53.8%
number athlete % Correct
25Mark McGwire
51.9%
34Paul Pierce
49.5%
68Jaromir Jagr
49.5%
92Michael Strahan
46.7%
14Sam Bradford
46.2%
11Mark Messier
43.3%
30Martin Brodeur
42.9%
33Kareen Abdul-Jabbar
42.4%
51Ichiro
40.5%
24Miguel Cabrera
40%
57Johan Santana
39%
71Evgeni Malkin
38.1%
19Joe Sakic
32.4%
6Dan Uggla
31%
54Zach Thomas
30%
1Robert Luongo
29.5%
35Dontrelle Willis
26.2%
10Pavel Bure
19.5%
27Alex Kovalev
11.9%
29Tomas Vokoun
11%
9Juan Pierre
8.1%

You're not logged in!

Compare scores with friends on all Sporcle quizzes.
OR
Log In

You Might Also Like...

Show Comments

Extras

Created Oct 4, 2009ReportNominate
Tags:Numbers Quiz, Athletes, team

Top Quizzes Today


Score Distribution

Your Account Isn't Verified!

In order to create a playlist on Sporcle, you need to verify the email address you used during registration. Go to your Sporcle Settings to finish the process.

Report this User

Report this user for behavior that violates our Community Guidelines.

Details: